00470nam a2200145Ia 450000500170000000800460001703700120006304000200007504100130009508400190010824500560012724500810018326000510026430000090031520250508161705.0008 250505s9999 xx 000 0 eng d aTextual aFEDLbengcFEDL aeng2eng a669, INTqFEDL 0aPrecision measurement in the metal working industry 0cInternational Business Machines Corporation, (Department of Education of...) aNew York, USAbSyracuse University Pressc1966 a365p